[Event "Mogliano Veneto op-B 38th"]
[Site "Mogliano Veneto"]
[Date "2017.04.30"]
[Round "3.19"]
[White "Martinello, Edoardo"]
[Black "Pierrat, Marco"]
[Result "0-1"]
[WhiteElo "1610"]
[BlackElo "1738"]
[PlyCount "54"]
[EventDate "2017.04.29"]
[EventType "swiss"]
[EventRounds "5"]
[EventCountry "ITA"]
[SourceTitle "EXT 2023"]
[Source "ChessBase"]
[SourceDate "2022.10.05"]
[SourceVersion "1"]
[SourceVersionDate "2022.10.05"]
[SourceQuality "1"]

1. d4 Nf6 2. Nf3 e6 3. Bg5 d5 4. e3 c5 5. Nbd2 Be7 6. c3 0-0 7. Bd3 b6 8. 0-0 Bb7 9. Ne5 Nbd7 10. Ndf3 Nxe5 11. Nxe5 Ne4 12. Bxe7 Qxe7 13. Qe2 f6 14. Nf3 e5 15. c4 Nd6 16. cxd5 e4 17. Bxe4 Qxe4 18. dxc5 bxc5 19. Rac1 Rac8 20. Rfd1 Rfd8 21. Qd2 Nf7 22. Qa5 Bxd5 23. Qxa7 Ne5 24. Ne1 Bb7 25. Rxd8+ Rxd8 26. Qxc5 Rc8 27. Qd4 Qxg2+ 0-1

[Event "Chioggia op-C 10th"]
[Site "Chioggia"]
[Date "2015.10.11"]
[Round "4"]
[White "Aprile, Massimo"]
[Black "Martinello, Edoardo"]
[Result "1-0"]
[WhiteElo "1585"]
[BlackElo "1453"]
[PlyCount "117"]
[EventDate "2015.10.09"]
[EventType "swiss"]
[EventRounds "5"]
[EventCountry "ITA"]
[SourceTitle "EXT 2022"]
[Source "ChessBase"]
[SourceDate "2021.10.06"]
[SourceVersion "1"]
[SourceVersionDate "2021.10.06"]
[SourceQuality "1"]

1. Nf3 d6 2. e4 Nf6 3. d3 g6 4. g3 Bg7 5. Bg2 0-0 6. 0-0 e5 7. Nbd2 Bg4 8. c3 Nc6 9. Qc2 Qd7 10. Re1 Rad8 11. a3 Rfe8 12. b4 a6 13. a4 Ne7 14. c4 c5 15. b5 axb5 16. axb5 Ra8 17. Ra4 b6 18. Bb2 Ra7 19. Rea1 Rea8 20. Bc3 Qb7 21. R1a3 Rxa4 22. Rxa4 Nc8 23. Qa2 Rxa4 24. Qxa4 Qa7 25. Qxa7 Nxa7 26. Nf1 Be6 27. Ne3 Nc8 28. Ng5 Bd7 29. Bh3 Bxh3 30. Nxh3 Ne7 31. f3 Nd7 32. Kf2 f5 33. exf5 Nxf5 34. Nd5 Kf8 35. Ng5 Bh6 36. Ne6+ Kf7 37. Nec7 Ne7 38. Nxe7 Kxe7 39. Nd5+ Ke6 40. Ke2 Bg5 41. Bd2 Bd8 42. h4 Nf6 43. Bg5 h6 44. Bxf6 Bxf6 45. Nxb6 Bd8 46. Nd5 Kd7 47. Ke3 Ba5 48. g4 h5 49. gxh5 gxh5 50. Ke2 Bd8 51. f4 exf4 52. Nxf4 Bxh4 53. Nxh5 Bd8 54. Ke3 Bg5+ 55. Ke4 Kc7 56. Nf4 Bxf4 57. Kxf4 Kb6 58. Ke4 Kb7 59. d4 1-0